| 000 | 00845cam a2200217 4500 | ||
|---|---|---|---|
| 001 | ABS65685 | ||
| 008 | 020731n2002 000 0 eng u | ||
| 035 | _a(Sirsi) u119127 | ||
| 100 | _aSmith, R | ||
| 245 | _aUsing waste as a resource in construction | ||
| 260 | _c2002 | ||
| 490 |
_aWastes Management _vJuly 2002, 43-45(3) |
||
| 520 | _aLooks at the drivers for change and barriers to the use of secondary and recycled materials in construction and shows projects which have overcome these barriers. Emphasises the value of secondary and recycled waste materials as a contribution to sustainable development. | ||
| 590 | _aABS | ||
| 650 | _aSUSTAINABLE CONSTRUCTION | ||
| 650 | _aBUILT ENVIRONMENT | ||
| 650 | _aSECONDARY MATERIALS | ||
| 650 | _aRECYCLED MATERIALS | ||
| 690 | _aBUILT ENVIRONMENT-BUILDING MATERIALS | ||
| 942 | _n0 | ||
| 999 |
_c70860 _d70860 |
||